|
|
|
|
| LEADER |
02497nam a2200469 a 4500 |
| 001 |
000000038 |
| 005 |
20260219091848.0 |
| 008 |
000320s1727 xo e lat |
| FMT |
|
|
|
| 040 |
|
|
|a SVKKK
|b slo
|c SVKKK
|e AACR2
|
| 041 |
0 |
|
|a lat
|
| 044 |
|
|
|a xo
|c SK
|
| 080 |
|
|
|a 231.01
|
| 080 |
|
|
|a 231.1
|
| 100 |
1 |
|
|a Tapolčáni, Vavrinec,
|d 1669-1729
|4 aut
|
| 245 |
1 |
0 |
|a Theses Theologicae :
|b Theses Theologicae De Deo Uno Et Trino. In Alma Archi-Episcopali Societatis Jesu, Universitate Tyrnaviensi A R. P. Laurentio Tapolcsani, E Societate Jesu, SS. Theologiae Doctore, Ejusdémque Universitatis id temporis Cancellario Ex Praelectonibus suis Academicis Elucidatae.
|
| 260 |
|
|
|a Tyrnaviae :
|b Typis Academicis per Fridericum Gall ;
|c 1727
|
| 300 |
|
|
|a [4],383,[5] s. [1],A/8-Z/8,Aa/8,B/3 [=196] list.
|c 8°. 16x10 cm
|
| 500 |
|
|
|a Predtitl. list: "De Deo Uno Et Trino"
|
| 500 |
|
|
|a Vineta ornam., linky ozdobné, inic. s ornam. pozadím vo voľ. priestore na 5 r., verz. vo voľ. priestore na 1, 2, 3 r., typograf. ozdoby, kustódy.
|
| 504 |
|
|
|a Na zl. Bb/1-Bb/3 predmetový register.
|
| 501 |
|
|
|a Prív. 1: TAPOLČÁNI, V.: Theses Theologicae De Peccatis, Gratia, Et Merito. Tyrnaviae 1727. 8°.
|
| 508 |
|
|
|a Na zl. A/1 facultas J. B. Thullnera v závere s textom "Viennae 10. Octobr: Annô 1727"
|
| 510 |
4 |
|
|a Petrik III/584 [pod Tapoltsányi, L.]; Hanakovič III/1295 [pod Tapolcsanyi, L.]; Dokoupil 154/577 [pod Tapolcsani, L.]; Zelliger 81 [pod Tapolcsányi, L.]
|
| 561 |
|
|
|a Peč.: Štátna vedecká knižnica v Košiciach; K. K. Rechtsakad. Bibliothek In Kaschau. Tlač. exlibris: Kassai királyi jogakademia Könyvtára Szekrény szám III Osztályzat a/1. Rkp.: Inscriptus Collegio Cassov. S.J. Anno 1748.
|
| 563 |
|
|
|a Lepenka, hnedá mramor. koža, chrbát so zlát. ornam.-link. slepotlačou a s textom "R. P. Tapolcs T...Theol."
|
| 653 |
1 |
|
|a Boh jediný a trojjediný
|
| 653 |
1 |
|
|a dogmatika
|
| 653 |
1 |
|
|a teológia
|
| 653 |
2 |
|
|a učebnice
|
| 700 |
1 |
|
|a Gall, Fridrich Arnold,
|d 1715-1731
|4 prt
|
| 700 |
1 |
|
|a Thullner, Joannes Baptista
|4 lso
|
| 710 |
0 |
|
|a Akademická tlačiareň - Gall, Fridrich Arnold
|c Trnava
|d 1715-1731
|4 prt
|
| 710 |
0 |
|
|a knižnice - Knižnica Právnickej akadémie
|c Košice
|4 sgn
|
| 752 |
|
|
|a Slovensko
|d Trnava
|
| 852 |
|
|
|p B 472a PA
|
| 904 |
|
|
|a acf uaakc yyyb 0001
|
| 905 |
|
|
|a bf a1bb
|
| 910 |
|
|
|a svkkk
|
| 997 |
|
|
|c Collegio Cassov. S. J. p. knižnice - Knižnica Právnickej akadémie
|4 sgn
|
| 998 |
|
|
|a TRNTL
|
| BAS |
|
|
|